000 00532nam a2200193Ia 4500
003 OSt
005 20240530100659.0
008 140319s9999 xx 000 0 eng d
040 _aGCL /
_cGCL
082 0 4 _a932
_bCC/B A
100 1 _aBREEASTED, JAMS HERRY
245 1 0 _aA HISTORY OF THE ANCIENT EGYPTIANS /
_cBREEASTED, JAMS HERRY
260 _alondon :
_bJOHN RURRAY ،
_c1929
300 _a469 P ;
_c19 cm
650 0 4 _aANCIENT EGYPT - HISTORY
650 0 4 _aEGYPTOLOGY
650 0 4 _aEGYPT - CIVILIZATION
942 _2ddc
_cBK
999 _c19622
_d19622